Statistiken für Netflix: Erfolgreichste Serien

Klicken Sie hier um das Quiz zu spielen!

Allgemein

  • Dieses Quiz wurde 2.823 mal gespielt
  • Das Durchschnittsergebnis liegt bei 3 aus 10

Antwortstatistiken

Anzahl
Zuschauer*innen
in Millionen
Serie% Korrekt
65Haus des Geldes
69%
67Stranger Things
69%
111Squid Game
64%
82Bridgerton
21%
76The Witcher
21%
76Lupin
13%
62Das Damengambit
7%
67Sex/Life
2%
60Sweet Tooth
2%
64Tiger King
2%

Verteilung der Resultate

Perzentil nach korrekt beantworteten Fragen

Anzahl Personen mit jedem Resultat

Ihre Resultats-Entwicklung

Sie haben dieses Quiz noch nicht gespielt